[Event "Politiken Cup 2008"]
[Site "Helsingør DEN"]
[Date "2008.07.20"]
[Round "2.22"]
[White "Socko, Monika"]
[Black "Schou-Moldt, Thomas"]
[Result "1-0"]
[WhiteElo "2473"]
[BlackElo "2136"]
[PlyCount "169"]
[EventDate "2008.07.20"]
[EventType "swiss"]
[EventRounds "9"]
[EventCountry "DEN"]
[Source "lmi"]
[SourceDate "2008.07.20"]
[BlackTeam "Allerød"]

1. e4 e5 2. Nf3 Nc6 3. Bb5 a6 4. Bxc6 dxc6 5. O-O f6 6. d4 Bg4 7. dxe5 Qxd1 8.
Rxd1 fxe5 9. Rd3 Bd6 10. Nbd2 b5 11. b3 Ne7 12. h3 Bd7 13. Nf1 Ng6 14. Be3 Rf8
15. N1h2 Nf4 16. Bxf4 Rxf4 17. Re1 O-O-O 18. g3 Rff8 19. Kg2 Rde8 20. Ng4 Re7
21. Re2 c5 22. Ne3 Kb7 23. Nd5 Ree8 24. c4 Re6 25. Red2 Rh6 26. Ng1 Re6 27. Rf3
Ree8 28. Rdd3 Be6 29. Rxf8 Rxf8 30. Ne2 Rf7 31. Nec3 Kc6 32. Ne3 Rf8 33. Ncd5
Rb8 34. Rd2 Rf8 35. Rd1 Rf7 36. Rf1 Kd7 37. g4 Rf8 38. Rd1 Kc6 39. Nf5 Rf7 40.
Rd3 Bf8 41. Nh4 Bd6 42. Nf3 Rf8 43. g5 Bf7 44. Nh4 Bh5 45. Nf5 Rf7 46. Ng3 Bg6
47. h4 Rf8 48. h5 Be8 49. Rf3 Rxf3 50. Kxf3 Bf8 51. Kg4 Bd7+ 52. Kh4 h6 53. Nf5
Be6 54. g6 Kb7 55. Kg3 Kc8 56. f4 exf4+ 57. Kxf4 Kd7 58. Nde3 Bg8 59. Ng4 Be6
60. Ne5+ Ke8 61. Ke3 Kd8 62. Kd3 Kc8 63. Nc6 Bd7 64. Ne5 Be6 65. Kc3 Kd8 66.
Nc6+ Kc8 67. cxb5 axb5 68. Na7+ Kd7 69. Nxb5 c6 70. Na3 Be7 71. Nc4 Bf6+ 72.
Kd3 Kc7 73. Kd2 Kb7 74. Ncd6+ Kb6 75. Ne8 Bg5+ 76. Kd3 c4+ 77. bxc4 Kc5 78.
Ned6 Bf4 79. Nb7+ Kb4 80. a3+ Kxa3 81. Nd8 Bg8 82. Ne7 Bg5 83. Nxg8 Bxd8 84.
Nxh6 gxh6 85. g7 1-0

[Event "Politiken Cup 2008"]
[Site "Helsingør DEN"]
[Date "2008.07.20"]
[Round "2.23"]
[White "De Coninck, Rafael"]
[Black "Brynell, Stellan"]
[Result "0-1"]
[WhiteElo "2121"]
[BlackElo "2468"]
[PlyCount "42"]
[EventDate "2008.07.20"]
[EventType "swiss"]
[EventRounds "9"]
[EventCountry "DEN"]
[Source "lmi"]
[SourceDate "2008.07.20"]
[WhiteTeam "TSM Schaakclub"]
[BlackTeam "Nordkalotten"]

1. d4 d5 2. Nf3 Nf6 3. c4 e6 4. Nc3 Bb4 5. Qb3 c5 6. dxc5 Nc6 7. e3 O-O 8. Bd2
Bxc5 9. cxd5 exd5 10. Rd1 Be6 11. Na4 b6 12. Nxc5 bxc5 13. Bc3 Ne4 14. Qa3 Qb6
15. Bd3 Nxc3 16. Qxc3 d4 17. exd4 cxd4 18. Qa3 Bg4 19. Be2 Rfe8 20. Kf1 Rad8
21. Qb3 Qc5 0-1

[Event "Politiken Cup 2008"]
[Site "Helsingør DEN"]
[Date "2008.07.20"]
[Round "2.24"]
[White "Kristiansen, Jens"]
[Black "Andersen, Lars Christoff"]
[Result "1-0"]
[WhiteElo "2441"]
[BlackElo "2131"]
[PlyCount "103"]
[EventDate "2008.07.20"]
[EventType "swiss"]
[EventRounds "9"]
[EventCountry "DEN"]
[Source "lmi"]
[SourceDate "2008.07.20"]
[WhiteTeam "Bornholm"]
[BlackTeam "Herlev"]

1. d4 d5 2. c4 e6 3. Nc3 c5 4. cxd5 exd5 5. Nf3 Nc6 6. g3 c4 7. Bg2 Bb4 8. O-O
Nge7 9. Bg5 f6 10. Bd2 O-O 11. Nb5 a6 12. Bxb4 Nxb4 13. Nc3 Bg4 14. Ne1 b5 15.
a3 Nbc6 16. Nc2 Qd7 17. Re1 Rfd8 18. Qd2 Qd6 19. Rad1 Kf8 20. h3 Bh5 21. Ne3
Bf7 22. Bf3 Na5 23. Ng2 Nb3 24. Qf4 Qxf4 25. Nxf4 g5 26. Ng2 Nf5 27. e3 Rab8
28. g4 Ne7 29. Re2 b4 30. axb4 Rxb4 31. Ne1 Bg6 32. Nc2 a5 33. e4 dxe4 34. Bxe4
Bxe4 35. Rxe4 Rb6 36. Ne3 Rb4 37. d5 Ng6 38. Rxc4 Rxc4 39. Nxc4 Nf4 40. Kh2 Rc8
41. Ne3 Nc5 42. Rd4 Rb8 43. d6 Ke8 44. Ne4 Nxe4 45. Rxe4+ Kd7 46. Nc4 Ne6 47.
Kg3 Rb3+ 48. f3 Rb4 49. h4 h6 50. h5 Nf4 51. Re7+ Kd8 52. Nxa5 1-0

[Event "Politiken Cup 2008"]
[Site "Helsingør DEN"]
[Date "2008.07.20"]
[Round "2.25"]
[White "Nielsen, Borge Hjerrild"]
[Black "Ashwin, Jayaram"]
[Result "0-1"]
[WhiteElo "2116"]
[BlackElo "2436"]
[PlyCount "74"]
[EventDate "2008.07.20"]
[EventType "swiss"]
[EventRounds "9"]
[EventCountry "DEN"]
[Source "lmi"]
[SourceDate "2008.07.20"]
[WhiteTeam "Hvidovre"]

1. d4 Nf6 2. c4 g6 3. Nf3 Bg7 4. g3 c6 5. Bg2 d5 6. cxd5 cxd5 7. O-O O-O 8. Nc3
Nc6 9. Ne5 e6 10. Nxc6 bxc6 11. Bf4 Nd7 12. Na4 Ba6 13. Rc1 Qa5 14. a3 Bxe2 15.
Qxe2 Qxa4 16. Bd6 Rfc8 17. Rfd1 Qb5 18. Qd2 Bf8 19. Bxf8 Kxf8 20. Rc3 Rab8 21.
b3 Qa5 22. b4 Qa4 23. Bf1 a5 24. bxa5 Qxa5 25. Rxc6 Qxa3 26. Qc2 Rxc6 27. Qxc6
Nf6 28. Qc7 Rb2 29. Rd3 Qe7 30. Qf4 Ne4 31. Rf3 Kg8 32. Kg2 Nd2 33. Rd3 g5 34.
Qe3 Ne4 35. Be2 Qf6 36. h3 Nd6 37. Rd2 Nf5 0-1

[Event "Politiken Cup 2008"]
[Site "Helsingør DEN"]
[Date "2008.07.20"]
[Round "2.26"]
[White "Lindberg, Bengt"]
[Black "Eriksson, Christian"]
[Result "1/2-1/2"]
[WhiteElo "2432"]
[BlackElo "2127"]
[PlyCount "113"]
[EventDate "2008.07.20"]
[EventType "swiss"]
[EventRounds "9"]
[EventCountry "DEN"]
[Source "lmi"]
[SourceDate "2008.07.20"]
[BlackTeam "Hørsholm"]

1. e4 c5 2. Nf3 Nc6 3. d4 cxd4 4. Nxd4 Nf6 5. Nc3 e5 6. Ndb5 d6 7. Bg5 a6 8.
Na3 b5 9. Nd5 Be7 10. Bxf6 Bxf6 11. c3 Bg5 12. Nc2 O-O 13. a4 bxa4 14. Rxa4 a5
15. Bc4 Kh8 16. Nce3 Bxe3 17. Nxe3 Ne7 18. O-O f5 19. exf5 Nxf5 20. Nxf5 Bxf5
21. b3 Bd7 22. Ra2 Bc6 23. Rd2 Rf6 24. Qe2 Qc7 25. Qe3 a4 26. f3 axb3 27. Bxb3
Bb5 28. c4 Bd7 29. Rfd1 Be8 30. c5 dxc5 31. Rd5 Rc8 32. Rxe5 Bg6 33. Rxc5 Rc6
34. Rxc6 Qxc6 35. Qd4 h6 36. h4 Qb5 37. Be6 Rb8 38. Rc1 Qb7 39. Qg4 Bf7 40. Bf5
Rd8 41. Kh1 Qb2 42. Rb1 Re8 43. Kh2 Qe5+ 44. f4 Qf6 45. h5 Rf8 46. Rb5 Bc4 47.
Re5 Bf7 48. Bg6 Bg8 49. g3 Rd8 50. Re2 Bc4 51. Rc2 Be6 52. Qe2 Bf5 53. Bxf5
Qxf5 54. Rc6 Qa5 55. Rc2 Qf5 56. Rc4 Qa5 57. Rc2 1/2-1/2

[Event "Politiken Cup 2008"]
[Site "Helsingør DEN"]
[Date "2008.07.20"]
[Round "2.27"]
[White "Arvola, Benjamin"]
[Black "Tania, Sachdev"]
[Result "0-1"]
[WhiteElo "2105"]
[BlackElo "2432"]
[PlyCount "52"]
[EventDate "2008.07.20"]
[EventType "swiss"]
[EventRounds "9"]
[EventCountry "DEN"]
[Source "lmi"]
[SourceDate "2008.07.20"]
[WhiteTeam "Tromsø"]

1. e4 e5 2. Nf3 Nc6 3. Bb5 a6 4. Ba4 Nf6 5. O-O Bc5 6. c3 b5 7. Bb3 d6 8. a4
Bg4 9. d3 Na5 10. Bxf7+ Kxf7 11. b4 Bxf3 12. Qxf3 Nb3 13. Ra3 Nxc1 14. bxc5
Nxd3 15. Qxd3 dxc5 16. Qe2 c4 17. f4 Re8 18. Nd2 exf4 19. axb5 axb5 20. Rxa8
Qxa8 21. Rxf4 Kg8 22. Qf3 Qa7+ 23. Kf1 Qa1+ 24. Ke2 Nd5 25. Rf7 Nxc3+ 26. Kf2
Qb2 0-1

[Event "Politiken Cup 2008"]
[Site "Helsingør DEN"]
[Date "2008.07.20"]
[Round "2.28"]
[White "Jensen, Michael Agermose"]
[Black "Kurmann, Oliver"]
[Result "0-1"]
[WhiteElo "2096"]
[BlackElo "2394"]
[PlyCount "44"]
[EventDate "2008.07.20"]
[EventType "swiss"]
[EventRounds "9"]
[EventCountry "DEN"]
[Source "lmi"]
[SourceDate "2008.07.20"]
[WhiteTeam "FREM"]
[BlackTeam "SK Luzern"]

1. e4 e6 2. d4 d5 3. Be3 Nf6 4. e5 Nfd7 5. f4 c5 6. c3 Nc6 7. Nf3 a5 8. Bd3 g6
9. O-O h5 10. Ng5 Qb6 11. Qc2 Rg8 12. Nxf7 cxd4 13. Bxd4 Nxd4 14. cxd4 Qxd4+
15. Kh1 Kxf7 16. Bxg6+ Rxg6 17. f5 exf5 18. Qxf5+ Kg7 19. Qf7+ Kh6 20. Nc3 Bg7
21. Rad1 Qg4 22. Qxd5 Nxe5 0-1

[Event "Politiken Cup 2008"]
[Site "Helsingør DEN"]
[Date "2008.07.20"]
[Round "2.29"]
[White "Moor, Olivier"]
[Black "Haubro, Sigfred"]
[Result "0-1"]
[WhiteElo "2388"]
[BlackElo "2114"]
[PlyCount "58"]
[EventDate "2008.07.20"]
[EventType "swiss"]
[EventRounds "9"]
[EventCountry "DEN"]
[Source "lmi"]
[SourceDate "2008.07.20"]
[BlackTeam "BMS"]

1. d4 d5 2. c4 e6 3. Nc3 f5 4. Bf4 c6 5. e3 Nf6 6. Bd3 Be7 7. h3 O-O 8. Nge2
Ne4 9. Qc2 Qe8 10. f3 Nd6 11. c5 Nf7 12. Bxb8 Rxb8 13. f4 b6 14. b4 Kh8 15. Ng1
g5 16. Nf3 Rg8 17. g4 Bf6 18. h4 gxf4 19. g5 e5 20. gxf6 e4 21. Ng5 exd3 22.
Qh2 Qxe3+ 23. Kd1 Rb7 24. cxb6 axb6 25. Re1 Qxd4 26. Kd2 Nd6 27. Rac1 Nc4+ 28.
Kd1 d2 29. f7 dxc1=Q+ 0-1

[Event "Politiken Cup 2008"]
[Site "Helsingør DEN"]
[Date "2008.07.20"]
[Round "2.30"]
[White "Jorgensen, Rasmus"]
[Black "Bulski, Krzysztof"]
[Result "0-1"]
[WhiteElo "2036"]
[BlackElo "2388"]
[PlyCount "43"]
[EventDate "2008.07.20"]
[EventType "swiss"]
[EventRounds "9"]
[EventCountry "DEN"]
[Source "lmi"]
[SourceDate "2008.07.20"]
[WhiteTeam "K41"]
[BlackTeam "Hetman Katowice-Szopienice"]

1. e4 c5 2. b3 d6 3. Bb2 Nf6 4. Bb5+ Nbd7 5. d3 g6 6. f4 Bg7 7. Nf3 Qa5+ 8. Nc3
Nxe4 9. Bxd7+ Bxd7 10. dxe4 Bxc3+ 11. Bxc3 Qxc3+ 12. Kf2 O-O 13. Re1 Rfd8 14.
Re3 Qf6 15. g3 Bg4 16. c3 e5 17. Qd5 exf4 18. gxf4 Qxf4 19. Qxb7 Re8 20. Rd1
Rad8 21. Qd5 Rd7 22. Qg5 0-1

[Event "Politiken Cup 2008"]
[Site "Helsingør DEN"]
[Date "2008.07.20"]
[Round "2.32"]
[White "Petkidis, Anthony"]
[Black "Olsson, Linus"]
[Result "1/2-1/2"]
[WhiteElo "2073"]
[BlackElo "2365"]
[PlyCount "99"]
[EventDate "2008.07.20"]
[EventType "swiss"]
[EventRounds "9"]
[EventCountry "DEN"]
[Source "lmi"]
[SourceDate "2008.07.20"]
[WhiteTeam "Hsk Post Hannover"]
[BlackTeam "LASK"]

1. e4 c5 2. Nf3 d6 3. d4 cxd4 4. Nxd4 Nf6 5. Nc3 a6 6. Bg5 e6 7. f4 Qb6 8. Qd2
Nc6 9. Bxf6 gxf6 10. Nb3 Bd7 11. O-O-O O-O-O 12. Kb1 h5 13. Bc4 h4 14. Rhf1 Be7
15. Be2 Rdg8 16. Bf3 Kb8 17. a3 Ka8 18. Qd3 Rg7 19. Nd2 Na5 20. Nc4 Nxc4 21.
Qxc4 Rc8 22. Qd4 Qxd4 23. Rxd4 Rc5 24. Na4 Bxa4 25. Rxa4 Ka7 26. Rd4 Rg8 27.
Rfd1 Rgc8 28. c3 R8c7 29. Bg4 b5 30. f5 Re5 31. Re1 d5 32. Bf3 dxe4 33. Rdxe4
Rxf5 34. Rxh4 Rd7 35. Rh7 Bd6 36. Bg4 Rg5 37. Bxe6 Re7 38. Rxf7 Rxf7 39. Bxf7
Rxg2 40. Rf1 Rxh2 41. Rxf6 Bc7 42. Be6 Rd2 43. Bc8 Rd6 44. Rf7 Kb8 45. Bf5 Rd1+
46. Kc2 Rf1 47. Rf8+ Ka7 48. Rf7 Kb6 49. Be6 Rxf7 50. Bxf7 1/2-1/2

[Event "Politiken Cup 2008"]
[Site "Helsingør DEN"]
[Date "2008.07.20"]
[Round "2.33"]
[White "Mangelschots, Peter"]
[Black "Engqvist, Thomas"]
[Result "0-1"]
[WhiteElo "2069"]
[BlackElo "2363"]
[PlyCount "88"]
[EventDate "2008.07.20"]
[EventType "swiss"]
[EventRounds "9"]
[EventCountry "DEN"]
[Source "lmi"]
[SourceDate "2008.07.20"]
[WhiteTeam "TSM Schaakclub"]
[BlackTeam "Rockaden"]

1. d4 d5 2. Nc3 c6 3. Bg5 h6 4. Bh4 Qb6 5. Rb1 Bg4 6. Nf3 Nd7 7. e3 e6 8. Be2
Ne7 9. O-O Nf5 10. Bg3 Nxg3 11. hxg3 Be7 12. b4 Qc7 13. e4 O-O 14. Qd3 Rfd8 15.
Qe3 Re8 16. Bd3 e5 17. dxe5 Nxe5 18. Nxe5 Qxe5 19. Qf4 Qxf4 20. gxf4 Bf6 21. e5
Bd8 22. a4 g5 23. f3 Bb6+ 24. Kh2 Bd7 25. fxg5 hxg5 26. b5 Rxe5 27. bxc6 bxc6
28. g3 Rae8 29. f4 gxf4 30. Rxf4 Be3 31. Rh4 Bg5 32. Rhb4 Bd2 33. R4b3 Rh5+ 34.
Kg2 Bh3+ 35. Kf3 Bc8 36. Ne2 c5 37. c4 Re3+ 38. Kg2 Ba6 39. Nf4 Rg5 40. Nxd5
Rgxg3+ 41. Kf2 Rgf3+ 42. Kg2 Rxd3 43. Nf6+ Kg7 44. Nh5+ Kg6 0-1

[Event "Politiken Cup 2008"]
[Site "Helsingør DEN"]
[Date "2008.07.20"]
[Round "2.34"]
[White "Hedman, Erik"]
[Black "Dalberg, Preben"]
[Result "1/2-1/2"]
[WhiteElo "2363"]
[BlackElo "2097"]
[PlyCount "72"]
[EventDate "2008.07.20"]
[EventType "swiss"]
[EventRounds "9"]
[EventCountry "DEN"]
[Source "lmi"]
[SourceDate "2008.07.20"]
[WhiteTeam "SK Rokaden"]
[BlackTeam "Holbæk"]

1. e4 e6 2. d4 d5 3. Nc3 Bb4 4. e5 c5 5. a3 Bxc3+ 6. bxc3 Ne7 7. Qg4 O-O 8. Bd3
f5 9. exf6 Rxf6 10. Bg5 Rf7 11. Qh5 g6 12. Qd1 Qa5 13. Bd2 Nbc6 14. Nf3 Qc7 15.
O-O e5 16. Nxe5 Nxe5 17. dxe5 Qxe5 18. c4 Be6 19. Re1 Qf6 20. Bg5 Qxg5 21. Rxe6
Raf8 22. Re2 Kg7 23. Qe1 Nc6 24. c3 dxc4 25. Bxc4 Rf5 26. Rd1 Ne5 27. Bd5 Ng4
28. Re7+ Kh8 29. f3 Rxd5 30. Rxd5 Qxd5 31. fxg4 Rd8 32. g5 Qd1 33. Re8+ Kg7 34.
Re7+ Kg8 35. Re8+ Kg7 36. Re7+ Kg8 1/2-1/2

[Event "Politiken Cup 2008"]
[Site "Helsingør DEN"]
[Date "2008.07.20"]
[Round "2.35"]
[White "Johansson, Alexander"]
[Black "Jepson, Christian"]
[Result "0-1"]
[WhiteElo "2060"]
[BlackElo "2358"]
[PlyCount "86"]
[EventDate "2008.07.20"]
[EventType "swiss"]
[EventRounds "9"]
[EventCountry "DEN"]
[Source "lmi"]
[SourceDate "2008.07.20"]
[WhiteTeam "Lund ASK"]
[BlackTeam "Limhamn"]

1. d4 Nf6 2. Nf3 c5 3. dxc5 Na6 4. g3 Nxc5 5. Bg2 g6 6. O-O Bg7 7. c4 d6 8. Nc3
O-O 9. Nd4 a6 10. b3 Rb8 11. Bb2 Bd7 12. Rc1 Qb6 13. Qd2 Rfc8 14. Rfd1 Ne6 15.
e3 Qd8 16. Nd5 Nxd5 17. Bxd5 Nxd4 18. Bxd4 Bxd4 19. Qxd4 Bc6 20. Qf4 Bxd5 21.
Rxd5 Rc6 22. Rcd1 Rbc8 23. h4 Rc5 24. h5 Qf8 25. Kg2 Rxd5 26. Rxd5 Rc6 27. a4
Qc8 28. hxg6 hxg6 29. Qg5 Qe6 30. Qf4 Kg7 31. a5 b6 32. axb6 Qf6 33. Qe4 Rxb6
34. Rd3 Rb8 35. Qd5 Qf5 36. Qd4+ e5 37. Qxd6 Rh8 38. Qd7 Qh5 39. Kf1 Qf3 40.
Ke1 Rh2 41. Kd2 Qxf2+ 42. Kc3 Qe1+ 43. Rd2 Qc1+ 0-1

[Event "Politiken Cup 2008"]
[Site "Helsingør DEN"]
[Date "2008.07.20"]
[Round "2.36"]
[White "Eljanov, Vladimir"]
[Black "Schmied, Andreas"]
[Result "1-0"]
[WhiteElo "2357"]
[BlackElo "2089"]
[PlyCount "71"]
[EventDate "2008.07.20"]
[EventType "swiss"]
[EventRounds "9"]
[EventCountry "DEN"]
[Source "lmi"]
[SourceDate "2008.07.20"]
[BlackTeam "SV Vimbuch"]

1. c4 c5 2. g3 Nc6 3. Bg2 g6 4. Nc3 Bg7 5. Nf3 e5 6. d3 Nge7 7. Nd2 d6 8. Nf1
O-O 9. Ne3 Rb8 10. Bd2 h6 11. Rb1 Kh7 12. a3 a5 13. O-O f5 14. Ned5 Re8 15. b4
axb4 16. axb4 Nxd5 17. Nxd5 b6 18. Bc3 Bd7 19. Qc2 Ne7 20. bxc5 Nxd5 21. Bxd5
bxc5 22. Rxb8 Qxb8 23. Rb1 Qd8 24. Rb7 Be6 25. Qb3 Bxd5 26. cxd5 Re7 27. Rb8
Qc7 28. Rb6 Qd7 29. Rc6 f4 30. Qb8 fxg3 31. hxg3 Qg4 32. Qxd6 Rd7 33. Qe6 Qxe6
34. dxe6 Re7 35. Rxc5 Rxe6 36. f4 1-0

[Event "Politiken Cup 2008"]
[Site "Helsingør DEN"]
[Date "2008.07.20"]
[Round "2.39"]
[White "Marusenko, Petr"]
[Black "Hansen, Pal Andreas"]
[Result "1-0"]
[WhiteElo "2327"]
[BlackElo "2069"]
[PlyCount "83"]
[EventDate "2008.07.20"]
[EventType "swiss"]
[EventRounds "9"]
[EventCountry "DEN"]
[Source "lmi"]
[SourceDate "2008.07.20"]
[BlackTeam "Verdal"]

1. Nf3 Nf6 2. d4 g6 3. c3 Bg7 4. Bf4 O-O 5. h3 d5 6. e3 Ne4 7. Bd3 Nd6 8. Nbd2
Nd7 9. O-O Nf6 10. Qb3 Rb8 11. Rac1 b5 12. Ne5 Rb6 13. Qc2 Nc4 14. b3 Nxd2 15.
Qxd2 Ne4 16. Qe2 f6 17. Nf3 g5 18. Bh2 g4 19. hxg4 Bxg4 20. Qc2 Bxf3 21. gxf3
Ng5 22. f4 Nf3+ 23. Kg2 Nxh2 24. Kxh2 f5 25. Kg2 Rg6+ 26. Kf3 Qd7 27. Ke2 a6
28. c4 Rc6 29. Rg1 e6 30. c5 Rb8 31. Rg5 Rf8 32. b4 Rf7 33. a4 e5 34. axb5 e4
35. bxc6 exd3+ 36. Qxd3 Qxc6 37. Ra1 Rf6 38. Ra5 Qb7 39. b5 axb5 40. Qxb5 Qxb5+
41. Rxb5 h6 42. Rb8+ 1-0

[Event "Politiken Cup 2008"]
[Site "Helsingør DEN"]
[Date "2008.07.20"]
[Round "2.40"]
[White "Christensen, Esben"]
[Black "Jacobsen, Bo"]
[Result "0-1"]
[WhiteElo "2041"]
[BlackElo "2323"]
[PlyCount "136"]
[EventDate "2008.07.20"]
[EventType "swiss"]
[EventRounds "9"]
[EventCountry "DEN"]
[Source "lmi"]
[SourceDate "2008.07.20"]
[WhiteTeam "Brønshøj"]
[BlackTeam "AArhus/Skolerne"]

1. e4 g6 2. d4 Bg7 3. Bc4 c6 4. Nf3 d5 5. exd5 cxd5 6. Bd3 Nc6 7. c3 Qc7 8. O-O
Nf6 9. Re1 O-O 10. h3 Re8 11. Na3 a6 12. Bg5 b5 13. Nc2 Na5 14. Qc1 Nc4 15. Bf4
Qb6 16. Ne5 Bb7 17. h4 Rac8 18. Ne3 Nh5 19. Bh2 Nxe5 20. dxe5 d4 21. Ng4 dxc3
22. bxc3 Qa5 23. Nh6+ Bxh6 24. Qxh6 Qxc3 25. Be2 Ng7 26. h5 Nf5 27. Qg5 Nd4 28.
Bg4 Rc6 29. Bd7 f6 30. exf6 Rxf6 31. Qe3 Qxe3 32. fxe3 Rd8 33. exd4 Rxd7 34.
Be5 Rf5 35. hxg6 hxg6 36. Re3 Rg5 37. Re2 Bd5 38. a3 Rd8 39. Rc1 Bc4 40. Re3
Rf8 41. Rh3 Kf7 42. Re1 Ke8 43. Bd6 Rf7 44. Rhe3 e6 45. Rh3 Kd7 46. Be5 Kc6 47.
Rh8 Rf3 48. Rc8+ Kb7 49. Rc7+ Kb6 50. Bd6 Rd3 51. a4 Bd5 52. Re2 Rd1+ 53. Kh2
Rxd4 54. axb5 axb5 55. Rc8 Rh4+ 56. Kg1 Rhg4 57. Rcc2 b4 58. Be7 Rf5 59. Rc8 b3
60. Bd6 Rfg5 61. g3 Rh5 62. Re3 Rh1+ 63. Kf2 Rh2+ 64. Kg1 Ra2 65. Rb8+ Kc6 66.
Be5 Rga4 67. Rc3+ Bc4 68. Rbxb3 Kd5 0-1

[Event "Politiken Cup 2008"]
[Site "Helsingør DEN"]
[Date "2008.07.20"]
[Round "2.41"]
[White "Carstensen, Jacob"]
[Black "Strand, Kjetil"]
[Result "1-0"]
[WhiteElo "2309"]
[BlackElo "2066"]
[PlyCount "65"]
[EventDate "2008.07.20"]
[EventType "swiss"]
[EventRounds "9"]
[EventCountry "DEN"]
[Source "lmi"]
[SourceDate "2008.07.20"]
[WhiteTeam "Brønshøj"]
[BlackTeam "Asker"]

1. d4 d5 2. c4 c6 3. Nf3 Nf6 4. e3 Bf5 5. Nc3 e6 6. Be2 h6 7. Ne5 Bd6 8. f4 Ne4
9. O-O Nd7 10. Qb3 Rb8 11. Bf3 Nxc3 12. bxc3 Nf6 13. cxd5 exd5 14. c4 dxc4 15.
Qxc4 O-O 16. Re1 Ne4 17. Qc2 Bxe5 18. dxe5 Qa5 19. Bb2 Qd2 20. Rac1 Qxc2 21.
Rxc2 Rfd8 22. Bd4 Rbc8 23. Bxa7 Rd5 24. Rb2 Rd7 25. g4 Bh7 26. f5 Nc3 27. Rc1
Na4 28. Rb4 b5 29. Rxc6 Rxc6 30. Bxc6 Rxa7 31. Rxb5 g5 32. Rb8+ Kg7 33. f6+ 1-0

[Event "Politiken Cup 2008"]
[Site "Helsingør DEN"]
[Date "2008.07.20"]
[Round "2.42"]
[White "Moen, Andreas"]
[Black "Doran, Chris"]
[Result "1-0"]
[WhiteElo "2297"]
[BlackElo "2060"]
[PlyCount "63"]
[EventDate "2008.07.20"]
[EventType "swiss"]
[EventRounds "9"]
[EventCountry "DEN"]
[Source "lmi"]
[SourceDate "2008.07.20"]
[WhiteTeam "OSS"]
[BlackTeam "Chester"]

1. d4 Nf6 2. c4 g6 3. g3 Bg7 4. Bg2 d6 5. Nf3 O-O 6. O-O Nc6 7. Nc3 a6 8. d5
Na5 9. Nd2 c5 10. Qc2 Rb8 11. b3 b5 12. Rb1 bxc4 13. bxc4 Rxb1 14. Ncxb1 Bd7
15. h3 Qc7 16. Kh2 Rb8 17. Ba3 e5 18. Nc3 Bh6 19. f4 exf4 20. gxf4 Nh5 21. Nce4
Bxf4+ 22. Rxf4 Nxf4 23. Nf6+ Kf8 24. Qc3 Nxe2 25. Nxd7+ Ke7 26. Qf6+ Kxd7 27.
Qxf7+ Kc8 28. Qe8+ Kb7 29. Qxe2 Qf7 30. Qg4 Rf8 31. Ne4 Kc7 32. Ng5 1-0

[Event "Politiken Cup 2008"]
[Site "Helsingør DEN"]
[Date "2008.07.20"]
[Round "2.43"]
[White "Ramme, Christoph"]
[Black "Den Heeten, Djurre"]
[Result "0-1"]
[WhiteElo "2041"]
[BlackElo "2278"]
[PlyCount "120"]
[EventDate "2008.07.20"]
[EventType "swiss"]
[EventRounds "9"]
[EventCountry "DEN"]
[Source "lmi"]
[SourceDate "2008.07.20"]
[WhiteTeam "SK Marmsdorf"]
[BlackTeam "SV De Wijker Toren"]

1. d4 d5 2. e4 dxe4 3. Nc3 Nf6 4. f3 Bf5 5. fxe4 Nxe4 6. Qf3 Nd6 7. Bf4 Qc8 8.
Qe3 e6 9. O-O-O Be7 10. Nf3 O-O 11. Ne5 f6 12. Nf3 Re8 13. h3 Nc6 14. g4 e5 15.
Bg3 exd4 16. Nxd4 Nxd4 17. Qxd4 Be6 18. Nd5 Bf8 19. Bg2 Nb5 20. Qd3 c6 21. a4
cxd5 22. Qxb5 a6 23. Qb3 Rd8 24. Rhe1 Bf7 25. Kb1 Qc6 26. Re2 b5 27. a5 Rd7 28.
Red2 Rad8 29. Bf2 Bc5 30. Qc3 Rc8 31. Qxc5 Qxc5 32. Bxc5 Rxc5 33. Rd4 Kf8 34.
b4 Rc6 35. Kb2 Ke7 36. R1d2 Rc4 37. Rxc4 bxc4 38. Kc3 Kd6 39. Re2 Rb7 40. Bf3
d4+ 41. Kxd4 Rxb4 42. c3 Rb5 43. Ra2 h5 44. Ra4 hxg4 45. hxg4 Rb2 46. Ke3 Kc5
47. Ra1 Rc2 48. Ra3 Bd5 49. Be2 g5 50. Kf2 f5 51. gxf5 g4 52. Ke3 g3 53. Bf3 g2
54. Bxg2 Rxg2 55. f6 Rg6 56. Ra1 Rxf6 57. Rb1 Rf3+ 58. Kd2 Rd3+ 59. Ke2 Bf3+
60. Kf2 Bc6 0-1

[Event "Politiken Cup 2008"]
[Site "Helsingør DEN"]
[Date "2008.07.20"]
[Round "2.44"]
[White "Aabling-Thomsen, Jakob"]
[Black "Carnstam, Tomas"]
[Result "1-0"]
[WhiteElo "2275"]
[BlackElo "2046"]
[PlyCount "139"]
[EventDate "2008.07.20"]
[EventType "swiss"]
[EventRounds "9"]
[EventCountry "DEN"]
[Source "lmi"]
[SourceDate "2008.07.20"]
[WhiteTeam "Brønshøj"]
[BlackTeam "LASK"]

1. e4 g6 2. Nc3 Bg7 3. h4 c6 4. Bc4 e6 5. Qe2 b5 6. Bb3 a5 7. a4 b4 8. Nd1 d5
9. h5 Ba6 10. d3 dxe4 11. hxg6 hxg6 12. Rxh8 Bxh8 13. Qxe4 Qd4 14. Qe2 Qh4 15.
Ne3 Qh1 16. Kf1 Ne7 17. Nc4 Bxc4 18. Bxc4 Nd7 19. Bg5 Bxb2 20. Bxe6 fxe6 21.
Qxe6 Qh7 22. Re1 Be5 23. Nf3 Qf7 24. Qxe7+ Qxe7 25. Bxe7 Bc3 26. Re6 Nf8 27.
Bxf8+ Kxf8 28. Rxg6 Rc8 29. Rg4 b3 30. cxb3 Rb8 31. Rc4 Rxb3 32. Nd4 Rb1+ 33.
Ke2 Rb2+ 34. Kf3 Bb4 35. Nxc6 Be1 36. Rf4+ Kg7 37. Kg3 Rd2 38. Ne5 Ra2 39. Ng4
Bb4 40. Rc4 Rxa4 41. Rc7+ Kf8 42. Kf3 Bd6 43. Rc8+ Ke7 44. Ne3 Rf4+ 45. Ke2 Kd7
46. Ra8 Bc7 47. Ra7 Rd4 48. Nc4 Kc6 49. g3 Rd8 50. f4 Rd5 51. Ke3 Rd8 52. Ra6+
Kb5 53. Rg6 a4 54. Kd2 Ra8 55. Rg7 Bd8 56. Rb7+ Kc6 57. Rb2 Kc5 58. Na3 Ba5+
59. Kc2 Bb4 60. d4+ Kxd4 61. Rxb4+ Ke3 62. f5 Rc8+ 63. Rc4 Rg8 64. g4 Ra8 65.
f6 Rg8 66. Nb5 Rg6 67. f7 Rf6 68. Nd6 Rf2+ 69. Kb1 Kd3 70. Rc8 1-0

[Event "Politiken Cup 2008"]
[Site "Helsingør DEN"]
[Date "2008.07.20"]
[Round "2.45"]
[White "Rostgaard, Tobias Valentin"]
[Black "Malmdin, Nils-Ake"]
[Result "0-1"]
[WhiteElo "2035"]
[BlackElo "2274"]
[PlyCount "36"]
[EventDate "2008.07.20"]
[EventType "swiss"]
[EventRounds "9"]
[EventCountry "DEN"]
[Source "lmi"]
[SourceDate "2008.07.20"]
[WhiteTeam "Frem"]
[BlackTeam "Sundsvall"]

1. e4 d5 2. exd5 Nf6 3. d4 Bg4 4. Be2 Bxe2 5. Qxe2 Qxd5 6. Nf3 e6 7. O-O Nc6 8.
Be3 O-O-O 9. c4 Qh5 10. Nc3 Rg8 11. Rfd1 g5 12. d5 g4 13. Nd4 Ne5 14. Bf4 Nf3+
15. Kh1 e5 16. gxf3 exf4 17. Ne4 gxf3 18. Qxf3 Qxf3+ 0-1

[Event "Politiken Cup 2008"]
[Site "Helsingør DEN"]
[Date "2008.07.20"]
[Round "2.46"]
[White "Mejvik, Jacob"]
[Black "Skovgaard, Peter"]
[Result "1-0"]
[WhiteElo "2015"]
[BlackElo "2255"]
[PlyCount "103"]
[EventDate "2008.07.20"]
[EventType "swiss"]
[EventRounds "9"]
[EventCountry "DEN"]
[Source "lmi"]
[SourceDate "2008.07.20"]
[WhiteTeam "LASK"]
[BlackTeam "BMS"]

1. e4 c5 2. Nf3 a6 3. d4 cxd4 4. Nxd4 Nf6 5. Bd3 e5 6. Nb3 Nc6 7. O-O d5 8. Nc3
d4 9. Ne2 Bd6 10. Ng3 O-O 11. Nd2 Ne7 12. a4 Ne8 13. Nc4 Bc7 14. Qf3 Be6 15.
Bd2 Qd7 16. Qe2 g6 17. Rfd1 Ng7 18. a5 Rae8 19. Bb4 h5 20. Nf1 h4 21. Nfd2 Nh5
22. Nb3 Nf4 23. Qe1 Bg4 24. Nc5 Qc8 25. f3 Nc6 26. Bd2 Bh5 27. Qxh4 Bd8 28. Qe1
Be7 29. Nb6 Qd8 30. Ncd7 Bh4 31. Qf1 f5 32. Nxf8 Rxf8 33. Bxf4 exf4 34. Bc4+
Kg7 35. Bd5 Ne5 36. Bxb7 Qg5 37. exf5 Rb8 38. Bd5 Rd8 39. Ra3 gxf5 40. Rxd4 Qf6
41. Rd1 Qd6 42. Rc3 Bf7 43. Qxa6 Qb4 44. Qe2 Bf6 45. Bxf7 Qxa5 46. Nd5 Qa7+ 47.
Kh1 Qd7 48. Rc7 Qd6 49. Be6+ Kh6 50. Bxf5 Kg5 51. Rh7 Qc5 52. Be4 1-0